[Event "ITA-ch U20"]
[Site "Bratto"]
[Date "2005.08.26"]
[Round "7"]
[White "Truzzi, Stefano"]
[Black "Pulcini, Giorgio"]
[Result "0-1"]
[WhiteElo "1518"]
[BlackElo "1614"]
[PlyCount "76"]
[EventDate "2005.08.20"]
[EventType "swiss"]
[EventRounds "9"]
[EventCountry "ITA"]
[SourceTitle "EXT 2006"]
[Source "ChessBase"]
[SourceDate "2005.11.24"]
[SourceVersion "1"]
[SourceVersionDate "2005.11.24"]
[SourceQuality "1"]

1. d4 d5 2. e3 e6 3. Nf3 c5 4. c3 c4 5. Nbd2 Bd6 6. Qc2 Nf6 7. e4 Bc7 8. Be2 0-0 9. g3 Nc6 10. 0-0 b5 11. Nh4 Ne7 12. f4 Nxe4 13. Nxe4 dxe4 14. Qxe4 Rb8 15. Bf3 Bb7 16. Qc2 Nd5 17. Bd2 Qd7 18. a3 Bd8 19. Ng2 f5 20. Rae1 Rf6 21. Ne3 Nxe3 22. Rxe3 Bxf3 23. Rexf3 Qd5 24. Re3 Bc7 25. Qd1 a5 26. Rfe1 a4 27. Kf2 Rh6 28. h4 Bxf4 29. gxf4 Rxh4 30. Rg3 Rh2+ 31. Kf1 Rh1+ 32. Rg1 Rh2 33. Re5 Qd6 34. Re2 Rh3 35. Re3 Qxf4+ 36. Rf3 Rxf3+ 37. Ke2 Qe4+ 38. Be3 Qxe3# 0-1

[Event "ITA-ch U20"]
[Site "Bratto"]
[Date "2005.08.23"]
[Round "4"]
[White "Borsato, Federico"]
[Black "Truzzi, Stefano"]
[Result "1-0"]
[WhiteElo "1811"]
[BlackElo "1518"]
[PlyCount "57"]
[EventDate "2005.08.20"]
[EventType "swiss"]
[EventRounds "9"]
[EventCountry "ITA"]
[SourceTitle "EXT 2006"]
[Source "ChessBase"]
[SourceDate "2005.11.24"]
[SourceVersion "1"]
[SourceVersionDate "2005.11.24"]
[SourceQuality "1"]

1. e4 d6 2. d4 Nf6 3. Nc3 c6 4. Bc4 Qc7 5. Bg5 Nbd7 6. Nge2 e5 7. 0-0 Be7 8. Bb3 0-0 9. f4 exd4 10. Nxd4 a6 11. Nf5 Nc5 12. Nxe7+ Qxe7 13. Re1 Ncd7 14. Qd4 c5 15. Qe3 Re8 16. Rad1 b5 17. Nd5 Qd8 18. c4 Bb7 19. Qf3 h6 20. Bh4 Bxd5 21. Rxd5 Qb6 22. Rd2 Re6 23. e5 dxe5 24. Qxa8+ Re8 25. Qf3 e4 26. Qd1 Nb8 27. Rd6 Qa7 28. Bxf6 gxf6 29. Rd8 1-0